Czy to miasto należało do ZSRR? - klikanie - Statystyki

Ogólne statystyki
  • Ten quiz został rozwiązany 38 razy
  • Średni wynik to 14 z 20
Statystyki odpowiedzi
Hint Odpowiedź % Poprawnych
Petersburg Tak
100%
Donieck Tak
100%
Ryga Tak
92%
Pekin Nie
83%
Taszkent Tak
83%
Belgrad Nie
81%
Samsun Nie
78%
Aszchabad Tak
78%
Białystok Nie
75%
Espoo Nie
72%
Kabul Nie
72%
Mozyrz Tak
69%
Konstanca Nie
67%
Ułan Bator Nie
64%
Aktobe Tak
64%
Tartu Tak
64%
Debreczyn Nie
58%
Osz Tak
53%
Meszched Nie
36%
Xirdalan Tak
19%
Nie znaleziono quizów pasujących do podanych kryteriów
Rozkład punktacji
Procent ludzi z każdym wynikiem
Percentyl według liczby udzielonych odpowiedzi
Twoja historia wyników
Nie rozwiązałeś tego quizu